O Jakim Mieście w Polsce Mowa? - Statystyki

Ogólne statystyki
  • Ten quiz został rozwiązany 1 426 razy
  • Średni wynik to 8 z 11
Statystyki odpowiedzi
Pytanie Odpowiedź % Poprawnych
Miasto, które wchodzi w skład Trójmiasta, jednak ono najczęściej jest kojarzone z turystyki. Sopot
94%
Jedno z najstarszych polskich miast. Miasto głównie jest kojarzone z piernikami, Mikołajem Kopernikiem, a także z Krzyżakami. Toruń
93%
Symbolem tego miasta są koziołki. Poznań
91%
W tym mieście występują takie dzielnice jak: Orłowo i Chylonia Gdynia
84%
Miasto, które jest znane z dużej ilości studentów, uczących się na tamtejszych Politechnikach i Uniwersytetach. Wrocław
81%
To miasto uznawane jest za stolicę polskiego zimna i mrozu. Leży ono na Podlasiu Suwałki
80%
Często to miasto konkuruje z Gorzowem Wielkopolskim w różnych dyscyplinach sportowych Zielona Góra
77%
Ładne miasto, lecz głównie jest kojarzone z prezydentem miasta (już byłym) znanym ze środowiska LGBT. Miasto położone jest w województwie pomorskim Słupsk
60%
Miasto leżące w aglomeracji śląskiej, gdzie na jednym stadionie rozgrywają swoje mecze drużyna żużlowa i piłkarska. Występują pod jedną nazwą - ROW. Rybnik
57%
Miasto położone na Śląsku, często jego mieszkańcy są nazywani "Medalikami" Częstochowa
55%
Niegdyś to miasto było jednym z najlepszych miast pod względem sportowym, jednak ostatnimi czasy powodzi im się gorzej. Spore tradycje żużlowe, aktualnie klub znajduje się w najniższej lidze. Przez to miasto przepływa rzeka Brda. Bydgoszcz
53%
Nie znaleziono quizów pasujących do podanych kryteriów
Rozkład punktacji
Procent ludzi z każdym wynikiem
Percentyl według liczby udzielonych odpowiedzi
Twoja historia wyników
Nie rozwiązałeś tego quizu